LEADER 01838nam a2200361 u 4500 001 000000002531 003 CaOOAMICUS 005 20070226104436.0 008 940514s1975 vc u000 u fre u 035 $a10063106 040 $aPUL$bita 041 0 $afre$alat 100 1 $aCaetani di Ceccano, Annibale,$ccard.,$dc. 1282-1350.$0(OLS)http://pul/name/2708 245 10$aPour et contre Jean XXII en 1333 deux traités avignonnais sur la vision béatifique /$cMarc Dykmans S.I. 260 $aCittà del Vaticano :$bBiblioteca Apostolica Vaticana,$c1975. 300 $a406 p. ;$c25 cm 490 1 $aStudi e testi (Biblioteca apostolica vaticana) ;$v274 600 04$aIohannes PP.$bXXII,$d1249-1334.$0(OLS)http://pul/subject/2260 650 4$aBeatitudine eterna.$0(OLS)http://pul/subject/2261 700 1 $aDykmans, Marc,$cS.I.,$d1905-$0(OLS)http://pul/name/2709 710 2 $aBiblioteca apostolica vaticana.$kMss.$n(Vat. lat. 4007).$0(OLS)http://pul/name/2711 710 2 $aBibliothèque nationale (Francia).$kMss.$n(Lat. 3170).$0(OLS)http://pul/name/2710 830 0$aStudi e testi (Biblioteca apostolica vaticana) ;$v274.$0(OLS)http://pul/title/1077 850 $aPUL 852 $aPUL$W1$xDP1 Cons. Gen., Altre Classi 1$y22$m158 F 274$j3367$nBK-PRI$b $qStampati$B3367$CPULBib$Z2$F3367 $H $81 941 1 $a8 960 $aPapi (1316-1334 : Iohannes PP. XXII)$92260 960 $aPapi (1316-1334 : Iohannes PP. XXII)$92260 960 $aDuèze, Jacques,$d1249-1334$92260 960 $aGiovanni$bXXII,$cpapa,$d1249-1334$92260 961 $aINV: 41724 996 $6245$aPour et contre Jean XXII en 1333 deux traités avignonnais sur la vision béatifique$9(OLS)http://pul/title/3736 996 $6260$aCittà del Vaticano :$bBiblioteca Apostolica Vaticana$9(OLS)http://pul/publisher/48729 LEADER 01510nam a2200301 a 4500 001 000000156777 003 CaOOAMICUS 005 20161128122523.0 008 161128s1958 it u000 u lat r 032 $aLibriCat 040 $aPUL$bita 100 1 $aLopez, Ramón,$cO.F.M.$0(OLS)http://pul/name/99992 245 10$aDe probatione obitus alterius coniugis in ordine ad novum matrimonium ineundum /$cFr. Raymundus Lopez O.F.M. 260 $aNapoli :$bC.A.M.,$c1958. 300 $aXXIII, 254 p. ;$c24 cm. 502 $aTesi -- Pontificium Athenaeum Antonianum. Facultas Iuris Canonici. 1958. 504 $aBibliografia in nota. 650 4$aMatrimonio (diritto canonico)$xImpedimenti.$0(OLS)http://pul/subject/40974 710 2 $aPontificio Ateneo Antoniano.$bFacoltà di Diritto Canonico.$kTesi.$0(OLS)http://pul/name/99826 850 $aPUL 852 $aPUL$W1$xDP1 Tesi Pon. At. Antonianum$y30$mTH ANT IUS51$j180060$qTesi$B183183$CPULBib$Z2$F183183 $H19788 $82 910 $aPontificia Università Antonianum.$bFacoltà di diritto canonico.$kTesi$999826 910 $aPontificia Università Antonianum.$bFacoltà di diritto canonico.$kTesi$999826 910 $aPontificium Athenaeum Antonianum.$bFacultas Iuris Canonici$kTesi$999826 941 1 $a16 996 $6245$aDe probatione obitus alterius coniugis in ordine ad novum matrimonium ineundum$9(OLS)http://pul/title/196385 996 $6260$aNapoli :$bC.A.M.$9(OLS)http://pul/publisher/58662